[Event "Hammersmith CC op U1500"]
[Site "London"]
[Date "2022.06.05"]
[Round "4"]
[White "Glass, Andrew"]
[Black "Smith, Michael J"]
[Result "1-0"]
[WhiteElo "1224"]
[BlackElo "1276"]
[PlyCount "65"]
[EventDate "2022.06.04"]
[EventType "swiss"]
[EventRounds "5"]
[EventCountry "ENG"]
[SourceTitle "CBM 208 Extra"]
[Source "ChessBase"]
[SourceDate "2022.07.31"]
[SourceVersion "1"]
[SourceVersionDate "2022.07.31"]
[SourceQuality "1"]

1. c4 e5 2. Nc3 Nf6 3. Nf3 Nc6 4. g3 Bc5 5. Bg2 d6 6. 0-0 0-0 7. Na4 Bb6 8. Nxb6 axb6 9. d4 exd4 10. Nxd4 Ne7 11. Bg5 Ng6 12. Nb5 Qe7 13. Re1 h6 14. Bxf6 gxf6 15. Qd2 Kg7 16. Nd4 c6 17. e4 Qc7 18. f4 Bd7 19. Qe2 Qc8 20. f5 Ne5 21. Nf3 Qe8 22. a3 Kh7 23. Rad1 Qe7 24. Rd2 Rad8 25. Red1 Bc8 26. b3 Rg8 27. Qe3 c5 28. Rd5 Rg4 29. Nxe5 fxe5 30. Qd3 Bxf5 31. exf5 Rd4 32. Rxd4 cxd4 33. f6+ 1-0

[Event "London Classic op U1750 8th"]
[Site "London"]
[Date "2016.12.13"]
[Round "2"]
[White "Illingworth, John B"]
[Black "Smith, Michael J"]
[Result "1/2-1/2"]
[WhiteElo "1708"]
[BlackElo "1322"]
[PlyCount "80"]
[EventDate "2016.12.12"]
[EventType "swiss"]
[EventRounds "5"]
[EventCountry "ENG"]
[SourceTitle "EXT 2019"]
[Source "ChessBase"]
[SourceDate "2018.10.10"]
[SourceVersion "1"]
[SourceVersionDate "2018.10.10"]
[SourceQuality "1"]

1. d4 d5 2. Nc3 Nf6 3. Bf4 Bf5 4. e3 a6 5. Bd3 Bg6 6. h3 e6 7. Nge2 c5 8. dxc5 Bxc5 9. Bg5 e5 10. Bxg6 fxg6 11. Bxf6 gxf6 12. Qxd5 Qxd5 13. Nxd5 0-0 14. 0-0-0 Nc6 15. Nc7 Bxe3+ 16. fxe3 Rac8 17. Rd7 Rf7 18. Rxf7 Kxf7 19. Nd5 Rd8 20. e4 f5 21. Rf1 f4 22. Rf3 g5 23. g4 h6 24. Rd3 Ne7 25. Nxe7 Rxd3 26. cxd3 Kxe7 27. Kd2 Kd6 28. d4 f3 29. d5 fxe2 30. Kxe2 Kc5 31. Kd3 a5 32. a4 b6 33. Kc3 b5 34. axb5 Kxb5 35. b3 Kc5 36. d6 Kxd6 37. Kc4 Kc6 38. b4 axb4 39. Kxb4 Kb6 40. Kc4 Kc6 1/2-1/2